00601nam a22002057a 4500003000500000005001700005008004100022010001000063011001000073035001000083040000900093082001500102100002300117245006000140260003800200300002000238490005500258650002700313830005500340CHAP20220329140019.0971013s1969 r 00010 d a45557 a46529 a50670 cCHAP a530.15bR400aReichardt, W.eed. aProcessing of optical data by organisms and by machines aNew York :bAcademic Press,c1969 a614 p.b: ilus. aInternational School of Physics Enrico Ferniv; 4314aFísica matemática.0 aInternational School of Physics Enrico Ferniv; 43